01891nam a2200241Ia 4500001000400000008004100004010000800045041001400053082002500067245014300092260001800235300000700253520000700260630001700267630001600284630002300300630003000323650001500353700004400368700004100412700003700453520115900490809241029s9999 xx 000 0 und d a732 aEspañol aTPG MCE -13 2007  0aPropuesta Curricular para la Inclusión de la Asignatura Expresión Creativa en la Carrera Diseño de Interiores de La Universidad APEC aSanto Domingo a76 a18 aCompetencias aCurrículo aEstrategia Docente aEstrategia Metodológica aCurriculum easesoraFernández Fernández, Ileana eautoraMorales Jiménez , Marianela easesoraColunga Santos , Silvia  aEl estudio se planteó como objetivo principal demostrar la importancia que tiene la inclusión de la materia expresión creativa en el pensum de  la carrera de Diseño de Interiores de la  Universidad APEC en la Rep. Dom.   Se emplearon en este estudio métodos teóricos  que consistieron en análisis-síntesis, inducción-deducción, histórico-lógico, hipotético deductivo. Se fundamentó en las técnicas de la encuesta y  análisis documental,   se empleó un cuestionario como instrumento de recolección de datos. En el diagnóstico de la investigación se confirman las insuficiencias detectadas en la aplicación del elemento creatividad en las aulas actualmente, así como también la necesidad de una revisión curricular para  el pensum existente y adecuarlo a la necesidad  de los usuarios y prepararlos para la vida profesional en un mercado cambiante y competitivo.El  estudio propone promover el carácter productivo (no productivo) de las actividades que se le pide realizar al alumno. Estructuración de la enseñanza en forma de problemas de descubrimiento y solución creativa de problemas.